00596nam a22001697a 450000500170000001000150001702000260003203500140005803700130007208200140008510000220009924500900012126000440021127000980025530000240035350000490037720161116143026.0 aENG-116569 a9781107061705c875.00 aEN-100101 bDBAD/PUB a954.52035 aSengupta, Debjani aThe partition of Bengal :bfragile borders and new identities /cby Debjani Sengupta  aDelhibCambridge University Pressc2016 a4843/24, 2nd Floor, Ansari Road, Daryaganj, bDelhie110002k9781107061705mwww.cambridge.org axii,274p.c24cm(Hb) aIncludes bibliographical reference and index